000 00617nam a2200241Ia 4500
003 OSt
005 20220918200328.0
006 a|||||r|||| 00| 0
007 ta
008 220917b |||||||| |||| 00| 0 eng d
024 _a88,323
037 _cTextual
040 _aARTS
_cARTS
_beng
041 _2eng
_aeng
082 _aU18y8, H0
110 _aWar Department (Washington)
_993574
245 0 _aTechnical manual
_b topographic drafting
260 _c1940
650 _aGEOGRAPHY
700 _aWar Department (Washington)
_993575
942 _hU18y8, H0
_cTEXL
_2CC
999 _c212011
_d212011